ბათუმის შოთა რუსთაველის სახელმწიფო უნივერსიტეტის ბიბლიოთეკა

Электротехнический справочник. Т.III, кн.2. (ბიბ.ჩანაწერი № 40834)

000 -LEADER
fixed length control field 00747nam a2200205Ia 4500
001 - CONTROL NUMBER
control field 7474
003 - CONTROL NUMBER IDENTIFIER
control field GE_BSU
008 - FIXED-LENGTH DATA ELEMENTS--GENERAL INFORMATION
fixed length control field 181216s||||||||xx |||||||||||||| ||und||
040 ## - CATALOGING SOURCE
Transcribing agency GE_BSU
080 ## - UNIVERSAL DECIMAL CLASSIFICATION NUMBER
Universal Decimal Classification number 621.3(035.5)
245 ## - TITLE STATEMENT
Title Электротехнический справочник. Т.III, кн.2.
245 ## - TITLE STATEMENT
Statement of responsibility, etc. Под общей ред. П.Г.Грудинского, А.В.Нетушила, Г.Н.Петрова и др. Гл. ред. М.Г.Чиликин, Ред.И.В.Антик.
250 ## - EDITION STATEMENT
Edition statement Изд 3-ое, перераб.и доп.
260 ## - PUBLICATION, DISTRIBUTION, ETC.
Place of publication, distribution, etc. М.-Л.
260 ## - PUBLICATION, DISTRIBUTION, ETC.
Name of publisher, distributor, etc. Энергия.
260 ## - PUBLICATION, DISTRIBUTION, ETC.
Date of publication, distribution, etc. 1966.
300 ## - PHYSICAL DESCRIPTION
Extent 404стр.с илл.27см.
653 ## - INDEX TERM--UNCONTROLLED
Uncontrolled term Электротехнический справочник.
942 ## - ADDED ENTRY ELEMENTS (KOHA)
Koha item type წიგნი
ეგზემპლარები
Withdrawn status Lost status Damaged status Not for loan Date acquired Barcode Date last seen Price effective from Koha item type
        2018-12-17 10376 2018-12-17 2018-12-17 წიგნი